书目信息 |
| 题名: |
三国志
|
|
| 作者: | 陈寿, 著 ;史瑞玲 译 | |
| 分册: | ||
| 出版信息: | 武汉 崇文书局 2020.06 |
|
| 页数: | 214页 | |
| 开本: | 21cm | |
| 丛书名: | 崇文国学普及文库 | |
| 单 册: | ||
| 中图分类: | K236.042 | |
| 科图分类: | ||
| 主题词: | 三国时代--san guo shi dai--古代史--纪传体 | |
| 电子资源: | ||
| ISBN: | 978-7-5403-5667-5 | |
| 000 | 01196nam 2200277 450 | |
| 001 | CAL 0120203022498 | |
| 005 | 20230217093112.0 | |
| 010 | @a978-7-5403-5667-5@dCNY34.80 | |
| 100 | @a20200710d2020 em y0chiy0120 ea | |
| 101 | 0 | @achi |
| 102 | @aCN@b420000 | |
| 105 | @ay z 000yy | |
| 106 | @ar | |
| 200 | 1 | @a三国志@Asan guo zhi@f(西晋) 陈寿著@g史瑞玲译 |
| 210 | @a武汉@c崇文书局@d2020.06 | |
| 215 | @a214页@d21cm | |
| 225 | 2 | @a崇文国学普及文库@Achong wen guo xue pu ji wen ku@v009 |
| 330 | @a《三国志》是西晋陈寿编写的一部主要记录魏、蜀、吴三国鼎立时期历史的纪传体国别史, 详细记载了从魏文帝黄初元年 (220) 到晋武帝太康元年 (280) 司马氏灭吴这段时间的历史, 是二十四史中后世评价最高的“前四史”之一。本书选取了对三国形势发展具有关键影响和重要意义的代表人物的传记, 兼顾魏、蜀、吴三大阵营, 阅读这些人物的生平事迹, 有助于我们比较全面地了解三国时期的历史概貌。 | |
| 410 | 0 | @12001 @a崇文国学普及文库@v009 |
| 605 | @a三国志@Asan guo zhi@x译文 | |
| 606 | 0 | @a三国时代@Asan guo shi dai@x古代史@j纪传体 |
| 690 | @aK236.042@v5 | |
| 701 | 0 | @a陈寿,@Achen shou@f西晋时代@4著 |
| 702 | 0 | @a史瑞玲@Ashi rui ling@4译 |
| 801 | 0 | @aCN@bBJXHZP@c20230228 |
| 905 | @b1390008-11@dK236.042@e169@f4 | |
| 三国志/(西晋) 陈寿著/史瑞玲译.-武汉:崇文书局,2020.06 |
| 214页;21cm.-(崇文国学普及文库;009) |
| ISBN 978-7-5403-5667-5:CNY34.80 |
| 《三国志》是西晋陈寿编写的一部主要记录魏、蜀、吴三国鼎立时期历史的纪传体国别史, 详细记载了从魏文帝黄初元年 (220) 到晋武帝太康元年 (280) 司马氏灭吴这段时间的历史, 是二十四史中后世评价最高的“前四史”之一。本书选取了对三国形势发展具有关键影响和重要意义的代表人物的传记, 兼顾魏、蜀、吴三大阵营, 阅读这些人物的生平事迹, 有助于我们比较全面地了解三国时期的历史概貌。 |
| ● |
| 相关链接 |
|
|
|
|
正题名:三国志
索取号:K236.042/169
 
预约/预借
| 序号 | 登录号 | 条形码 | 馆藏地/架位号 | 状态 | 备注 |
| 1 | 1390008 | 213900082 | 第二样本阅览室/ [索取号:K236.042/169] | 在馆 | |
| 2 | 1390009 | 213900091 | 第二借阅区/ [索取号:K236.042/169] | 在馆 | |
| 3 | 1390010 | 213900108 | 第二借阅区/ [索取号:K236.042/169] | 在馆 | |
| 4 | 1390011 | 213900117 | 第二借阅区/ [索取号:K236.042/169] | 在馆 |